Vida y obras de San Juan de la Cruz / (Record no. 85436)

MARC details
000 -LEADER
campo de control de longitud fija 01191nam a2200253 i 4500
001 - NÚMERO DE CONTROL
campo de control 85436
003 - IDENTIFICADOR DE NÚMERO DE CONTROL
campo de control ES-MaACL
005 - FECHA Y HORA DE LA ÚLTIMA TRANSACCIÓN
campo de control 20251214063015.0
007 - CAMPO FIJO DE DESCRIPCIÓN FÍSICA--INFORMACIÓN GENERAL
campo de control de longitud fija t|
008 - DATOS DE LONGITUD FIJA--INFORMACIÓN GENERAL
campo de control de longitud fija 041129s1950 sp ||||1| spa d
100 0# - ENTRADA PRINCIPAL--NOMBRE DE PERSONA
Nombre de persona Juan de la Cruz,
Títulos y otros términos asociados al nombre Santo,
Fechas asociadas al nombre 1542-1591
9 (RLIN) 67110
245 10 - MENCIÓN DEL TÍTULO
Título Vida y obras de San Juan de la Cruz /
Mención de responsabilidad, etc. biografía inédita del santo por Crisógono de Jesús ; prólogo general, introducciones, revisión del texto, notas e índices de Lucinio del S.S. Sacramento ; revisión del texto póstumo y notas críticas por Matías del Niño Jesús ; introducción a la "Llama del amor viva" por Alberto de la V. del Carmen.
260 ## - PUBLICACIÓN, DISTRIBUCIÓN, ETC.
Lugar de publicación, distribución, etc. Madrid :
Nombre del editor, distribuidor, etc. Editorial Católica,
Fecha de publicación, distribución, etc. 1950.
300 ## - DESCRIPCIÓN FÍSICA
Extensión XXXIX, 1431 p. :
Otras características físicas il. ;
Dimensiones 20 cm.
490 1# - MENCIÓN DE SERIE
Mención de serie Biblioteca de autores cristianos ;
Designación de volumen o secuencia 15
700 0# - ENTRADA AGREGADA--NOMBRE PERSONAL
Nombre de persona Crisógono de Jesús Sacramentado (
Fechas asociadas al nombre 1904-1945)
9 (RLIN) 41621
700 1# - ENTRADA AGREGADA--NOMBRE PERSONAL
Nombre de persona Lucinio del Santísimo Sacramento.
9 (RLIN) 74590
700 1# - ENTRADA AGREGADA--NOMBRE PERSONAL
Nombre de persona Matías del Niño Jesús.
9 (RLIN) 79064
700 1# - ENTRADA AGREGADA--NOMBRE PERSONAL
Nombre de persona Alberto de la Virgen del Carmen.
9 (RLIN) 19362
830 00 - PUNTO DE ACCESO ADICIONAL DE SERIE-TÍTULO UNIFORME
Título uniforme Biblioteca de autores cristianos
Designación de volumen o secuencia 15
9 (RLIN) 178679
852 ## - LOCALIZACIÓN
Ubicación ES-MaACL
Número de control de estantería D-5881
Sublocalización o colección R.30981
852 ## - LOCALIZACIÓN
Ubicación ES-MaACL
Número de control de estantería J-16
Holdings
Estatus retirado Estado de pérdida Estado de daño No para préstamo Biblioteca de origen Biblioteca actual Ubicación en estantería Fecha de adquisición Fuente de adquisición Total de préstamos Signatura topográfica completa Código de barras Visto por última vez Precio de reemplazo Tipo de ítem Koha
        Biblioteca del Ateneo de Madrid Biblioteca del Ateneo de Madrid Depósito 2 22/05/2005     J-16 1201621 23/02/2023 23/02/2023 Libro impreso
        Biblioteca del Ateneo de Madrid Biblioteca del Ateneo de Madrid Sala Valle Inclán 17/01/2008     D-5881 901089279 23/02/2023 23/02/2023 Libro impreso